| 000 | 00790pam a2200265 a 4500 | ||
|---|---|---|---|
| 005 | 20260322212006.0 | ||
| 008 | data | ||
| 010 | _a 89011372 | ||
| 020 | _a0806967129 | ||
| 020 | _a9780806967127 | ||
| 040 |
_aDLC _cDLC _dDLC |
||
| 050 | 0 | 0 |
_aTL759 _b.E34 1989 |
| 082 | 0 | 0 |
_a629.133/32 _220 |
| 092 | _a629.13 E34 1989 | ||
| 100 | 1 | _aEden, Maxwell. | |
| 245 | 1 | 0 |
_aKiteworks : _bexplorations in kite building & flying / _cMaxwell Eden. |
| 260 |
_aNew York : _bSterling Pub. Co., _cc1989. |
||
| 300 |
_a287 p., A-P p. of plates : _bill. (some col.) ; _c29 cm. |
||
| 500 | _aIncludes index. | ||
| 504 | _aBibliography: p. 281. | ||
| 650 | 0 | _aKites. | |
| 906 |
_a7 _bcbc _corignew _d1 _eocip _f19 _gy-gencatlg |
||
| 991 |
_bc-GenColl _hTL759 _i.E34 1989 _p00034728136 _tCopy 1 _wBOOKS |
||
| 001 | data | ||
| 999 |
_c105 _d105 |
||